banner koha

Inselbergs as a source of beta diversity in a vegetation matrix in Coqueiral, Minas Gerais, Brazil (Registro n. 248711)

MARC details
000 -LÍDER
campo de controle de tamanho fixo 00908nas a2200301 4500
001 - NÚMERO DE CONTROLE
campo de controle BR2016001669
003 - IDENTIFICADOR DO NÚMERO DE CONTROLE
campo de controle BR-BrBNA
005 - DATA E HORÁRIO DA ÚLTIMA TRANSAÇÃO
campo de controle 20231205130308.0
007 - CAMPO FIXO DE DESCRIÇÃO FÍSICA--INFORMAÇÃO GERAL
campo de controle de tamanho fixo ta
008 - CAMPO DE DADOS FIXOS--INFORMAÇÃO GERAL
campo de controle de tamanho fixo 230509b bl.|||p| |||| 00| 00por d
040 ## - FONTE DA CATALOGAÇÃO
Instituição da catalogação original BR-BrBNA
Idioma da catalogação por
Instituição que transcreveu o registro Biblioteca Nacional de Agricultura
041 ## - CÓDIGO DE IDIOMA
Código do idioma do texto/trilha sonora ou título diferente (En)
072 ## - CÓDIGO DE CATEGORIA DE ASSUNTO
Código de Categoria de Assunto K01
100 1# - ENTRADA PRINCIPAL--NOME PESSOAL
Nome pessoal Menino, G.C. de O.
100 1# - ENTRADA PRINCIPAL--NOME PESSOAL
Nome pessoal Santos, R.M. dos
100 1# - ENTRADA PRINCIPAL--NOME PESSOAL
Nome pessoal Pifano, D.S.
100 1# - ENTRADA PRINCIPAL--NOME PESSOAL
Nome pessoal Borém, R.A.T.
100 1# - ENTRADA PRINCIPAL--NOME PESSOAL
Nome pessoal Almeida, C.A.M. de
100 1# - ENTRADA PRINCIPAL--NOME PESSOAL
Nome pessoal Domingos, D.G.
100 1# - ENTRADA PRINCIPAL--NOME PESSOAL
Nome pessoal Moreira, A.M.
245 1# - TÍTULO
Título Inselbergs as a source of beta diversity in a vegetation matrix in Coqueiral, Minas Gerais, Brazil
650 ## - ASSUNTO--TERMO TÓPICO
Cabeçalho tópico ou nome geográfico FLORESTA
650 ## - ASSUNTO--TERMO TÓPICO
Cabeçalho tópico ou nome geográfico CONSERVACAO
650 ## - ASSUNTO--TERMO TÓPICO
Cabeçalho tópico ou nome geográfico MINAS GERAIS
773 0# - ENTRADA ANALÍTICA
Título Ciência Florestal (Brazil)
ISSN - International Standard Serial Number ISSN 0103-9954
Partes relacionadas (Dez 2015), v. 25(4) p. 947-958
Número de controle do registro BR2016001669
909 ## -
-- 202311
-- Lúcia
-- 55
-- Lúcia Elande
942 ## - ELEMENTOS DE ENTRADA ADICIONADOS (KOHA)
Fonte da classificação ou esquema de arquivamento na estante Classificação AGRIS
Ocultar no OPAC Não
Tipo de material Koha Analítica
Exemplares
Situação do descarte Fonte da classificação ou esquema de arquivamento na estante Situação física Não pode ser emprestado Biblioteca de origem Biblioteca atual Localização na estante Enumeração do periódico / cronologia Total de empréstimos Data de último acesso Número do exemplar Tipo de material Koha Fonte de aquisição
  Classificação AGRIS   Consulta local Biblioteca Nacional de Agricultura - Binagri Biblioteca Nacional de Agricultura - Binagri   (Dez 2015), v. 25(4) p. 947-958   29/11/2023 01 Periódicos Portaria Interministerial nº 164/94

BINAGRI

Telefone: (61)3218-2567/2388/3357/2097 - binagri@agro.gov.br

Ministério da Agricultura e Pecuária , Esplanada dos Ministérios, Bloco D, Anexo B, Brasília/DF, CEP: 70.043-900